Uniones aduaneras y uniones económicas

Αποθηκεύτηκε σε:
Λεπτομέρειες βιβλιογραφικής εγγραφής
Κύριος συγγραφέας: Sardá, Juan (Συγγραφέας)
Μορφή: Βιβλίο
Γλώσσα:Ισπανικά
Έκδοση: Madrid Aguilar 1953
Σειρά:Biblioteca de Ciencias Sociales. Sección Primera: Economía
Θέματα:
Ετικέτες: Προσθήκη ετικέτας
Δεν υπάρχουν, Καταχωρήστε ετικέτα πρώτοι!

MARC

LEADER 00000nam a2200000 a 4500
001 UCT8115
003 CL-VaPUC
008 970317e19530000SP |||||||||||||||||spa|d
082 0 4 |a 382.911  |b SAR  |2 21 
100 0 |a Sardá, Juan  |e author  |9 379604 
245 1 0 |a Uniones aduaneras y uniones económicas 
300 |a 233 p 
942 |c BK 
945 |d 19970317 00:00:00  |a paguirre 
260 |a Madrid  |b Aguilar  |c 1953 
650 7 |a UNION ADUANERA  |2 CL-VaPUC  |9 379605 
650 0 |a Cooperación internacional  |9 255447 
650 0 |a Acuerdos económicos  |9 348030 
650 0 |a Política comercial  |9 259070 
650 0 |a Integración regional  |9 376371 
650 0 |a Integración económica  |9 255024 
651 0 |a Europa  |9 255156 
583 |a last modification  |c 20170406 02:03:49  |k Rodrigo Vera 
490 0 |a Biblioteca de Ciencias Sociales. Sección Primera: Economía 
999 |c 256646  |d 256644 
952 |0 0  |1 0  |4 0  |6 382_911000000000000_SAR_1953  |7 0  |8 P  |9 279473  |a BIBDER  |b BIBDER  |d 2019-11-19  |i 1812963  |o 382.911 SAR 1953  |p 1812963  |r 2023-01-25  |w 2019-11-19  |y BK  |k DER